<?xml version="1.0" encoding="UTF-8"?>
<record
    xmlns:xsi="http://www.w3.org/2001/XMLSchema-instance"
    xsi:schemaLocation="http://www.loc.gov/MARC21/slim http://www.loc.gov/standards/marcxml/schema/MARC21slim.xsd"
    xmlns="http://www.loc.gov/MARC21/slim">

  <leader>00791nam a22001577a 4500</leader>
  <controlfield tag="003">OSt</controlfield>
  <controlfield tag="005">20150915105833.0</controlfield>
  <controlfield tag="008">150915b        xxu||||| |||| 00| 0 eng d</controlfield>
  <datafield tag="040" ind1=" " ind2=" ">
    <subfield code="c">RUA</subfield>
  </datafield>
  <datafield tag="082" ind1=" " ind2=" ">
    <subfield code="a">AGR CHE 2001 B027 Or.1</subfield>
  </datafield>
  <datafield tag="100" ind1=" " ind2=" ">
    <subfield code="9">502</subfield>
    <subfield code="a">CHEA, CHANTHAN.</subfield>
  </datafield>
  <datafield tag="245" ind1=" " ind2=" ">
    <subfield code="a">effect of inorganic fertilizer application on gelatinization temperature and grain elongation of rice at galsshouse ( &#x17A5;&#x1791;&#x17D2;&#x1792;&#x17B7;&#x1796;&#x179B;&#x1793;&#x17C3;&#x1780;&#x17B6;&#x179A;&#x1794;&#x17D2;&#x179A;&#x17BE;&#x1787;&#x17B8;&#x17A2;&#x179F;&#x179A;&#x17B8;&#x179A;&#x17B6;&#x1784;&#x17D2;&#x1782;&#x1791;&#x17C5;&#x179B;&#x17BE;&#x179F;&#x17B8;&#x178F;&#x17BB;&#x178E;&#x17D2;&#x17A0;&#x1797;&#x17B6;&#x1796;&#x17A2;&#x1793;&#x17D2;&#x1792;&#x17B7;&#x179B;&#x1780;&#x1798;&#x17D2;&#x1798; &#x1793;&#x17B7;&#x1784;&#x200B;&#x1797;&#x17B6;&#x1796;&#x179A;&#x17B8;&#x1780;&#x1793;&#x17C3;&#x179F;&#x17B6;&#x1785;&#x17CB;&#x1782;&#x17D2;&#x179A;&#x17B6;&#x1794;&#x17CB;&#x17A2;&#x1784;&#x17D2;&#x1780;&#x179A;&#x1793;&#x17C5;&#x1780;&#x17D2;&#x1793;&#x1784;&#x179B;&#x17D0;&#x1780;&#x17D2;&#x1781;&#x1781;&#x17D0;&#x178E;&#x17D2;&#x178C;&#x1795;&#x17D2;&#x1791;&#x17C7;&#x1780;&#x1789;&#x17D2;&#x1785;&#x1780;&#x17CB;)</subfield>
  </datafield>
  <datafield tag="260" ind1=" " ind2=" ">
    <subfield code="a">Phnom Penh</subfield>
    <subfield code="b">RUA</subfield>
    <subfield code="c">2001</subfield>
  </datafield>
  <datafield tag="300" ind1=" " ind2=" ">
    <subfield code="a">60p.</subfield>
    <subfield code="b">ill.</subfield>
    <subfield code="c">29cm.</subfield>
  </datafield>
  <datafield tag="942" ind1=" " ind2=" ">
    <subfield code="2">ddc</subfield>
    <subfield code="c">AGR</subfield>
  </datafield>
  <datafield tag="999" ind1=" " ind2=" ">
    <subfield code="c">482</subfield>
    <subfield code="d">482</subfield>
  </datafield>
  <datafield tag="952" ind1=" " ind2=" ">
    <subfield code="0">0</subfield>
    <subfield code="1">0</subfield>
    <subfield code="2">ddc</subfield>
    <subfield code="4">0</subfield>
    <subfield code="6">AGR_CHE_2001_000000000000000_B027_OR_1</subfield>
    <subfield code="7">0</subfield>
    <subfield code="9">2309</subfield>
    <subfield code="a">LBB</subfield>
    <subfield code="b">LBB</subfield>
    <subfield code="c">B027</subfield>
    <subfield code="d">2015-09-15</subfield>
    <subfield code="o">AGR CHE 2001 B027 Or.1</subfield>
    <subfield code="p">RUA002727</subfield>
    <subfield code="r">2015-09-15</subfield>
    <subfield code="w">2015-09-15</subfield>
    <subfield code="y">AGR</subfield>
  </datafield>
  <datafield tag="952" ind1=" " ind2=" ">
    <subfield code="0">0</subfield>
    <subfield code="1">0</subfield>
    <subfield code="2">ddc</subfield>
    <subfield code="4">0</subfield>
    <subfield code="6">AGR_CHE_2001_000000000000000_B027_OR_2</subfield>
    <subfield code="7">0</subfield>
    <subfield code="9">2310</subfield>
    <subfield code="a">LBB</subfield>
    <subfield code="b">LBB</subfield>
    <subfield code="c">B027</subfield>
    <subfield code="d">2015-09-15</subfield>
    <subfield code="o">AGR CHE 2001 B027 Or.2</subfield>
    <subfield code="p">RUA002414</subfield>
    <subfield code="r">2015-09-15</subfield>
    <subfield code="w">2015-09-15</subfield>
    <subfield code="y">AGR</subfield>
  </datafield>
  <datafield tag="952" ind1=" " ind2=" ">
    <subfield code="0">0</subfield>
    <subfield code="1">0</subfield>
    <subfield code="2">ddc</subfield>
    <subfield code="4">0</subfield>
    <subfield code="6">AGR_CHE_2001_000000000000000_B027_OR_3</subfield>
    <subfield code="7">0</subfield>
    <subfield code="9">2311</subfield>
    <subfield code="a">LBB</subfield>
    <subfield code="b">LBB</subfield>
    <subfield code="c">B027</subfield>
    <subfield code="d">2015-09-15</subfield>
    <subfield code="o">AGR CHE 2001 B027 Or.3</subfield>
    <subfield code="p">RUA002592</subfield>
    <subfield code="r">2015-09-15</subfield>
    <subfield code="w">2015-09-15</subfield>
    <subfield code="y">AGR</subfield>
  </datafield>
  <datafield tag="952" ind1=" " ind2=" ">
    <subfield code="0">0</subfield>
    <subfield code="1">0</subfield>
    <subfield code="2">ddc</subfield>
    <subfield code="4">0</subfield>
    <subfield code="6">AGR_CHE_2001_000000000000000_B027_OR_4</subfield>
    <subfield code="7">0</subfield>
    <subfield code="9">2312</subfield>
    <subfield code="a">LBB</subfield>
    <subfield code="b">LBB</subfield>
    <subfield code="c">B027</subfield>
    <subfield code="d">2015-09-15</subfield>
    <subfield code="o">AGR CHE 2001 B027 Or.4</subfield>
    <subfield code="p">RUA002652</subfield>
    <subfield code="r">2015-09-15</subfield>
    <subfield code="w">2015-09-15</subfield>
    <subfield code="y">AGR</subfield>
  </datafield>
  <datafield tag="952" ind1=" " ind2=" ">
    <subfield code="0">0</subfield>
    <subfield code="1">0</subfield>
    <subfield code="2">ddc</subfield>
    <subfield code="4">0</subfield>
    <subfield code="6">AGR_CHE_2001_000000000000000_B027_OR_5</subfield>
    <subfield code="7">0</subfield>
    <subfield code="9">2313</subfield>
    <subfield code="a">LBB</subfield>
    <subfield code="b">LBB</subfield>
    <subfield code="c">B027</subfield>
    <subfield code="d">2015-09-15</subfield>
    <subfield code="o">AGR CHE 2001 B027 Or.5</subfield>
    <subfield code="p">RUA002580</subfield>
    <subfield code="r">2015-09-15</subfield>
    <subfield code="w">2015-09-15</subfield>
    <subfield code="y">AGR</subfield>
  </datafield>
  <datafield tag="952" ind1=" " ind2=" ">
    <subfield code="0">0</subfield>
    <subfield code="1">0</subfield>
    <subfield code="2">ddc</subfield>
    <subfield code="4">0</subfield>
    <subfield code="6">AGR_CHE_2001_000000000000000_B027_OR_6</subfield>
    <subfield code="7">0</subfield>
    <subfield code="9">2314</subfield>
    <subfield code="a">LBB</subfield>
    <subfield code="b">LBB</subfield>
    <subfield code="c">B027</subfield>
    <subfield code="d">2015-09-15</subfield>
    <subfield code="o">AGR CHE 2001 B027 Or.6</subfield>
    <subfield code="p">RUA002722</subfield>
    <subfield code="r">2015-09-15</subfield>
    <subfield code="w">2015-09-15</subfield>
    <subfield code="y">AGR</subfield>
  </datafield>
  <datafield tag="952" ind1=" " ind2=" ">
    <subfield code="0">0</subfield>
    <subfield code="1">0</subfield>
    <subfield code="2">ddc</subfield>
    <subfield code="4">0</subfield>
    <subfield code="6">AGR_CHE_2001_000000000000000_B027_OR_7</subfield>
    <subfield code="7">0</subfield>
    <subfield code="9">2315</subfield>
    <subfield code="a">LBB</subfield>
    <subfield code="b">LBB</subfield>
    <subfield code="c">B027</subfield>
    <subfield code="d">2015-09-15</subfield>
    <subfield code="o">AGR CHE 2001 B027 Or.7</subfield>
    <subfield code="p">RUA002513</subfield>
    <subfield code="r">2015-09-15</subfield>
    <subfield code="w">2015-09-15</subfield>
    <subfield code="y">AGR</subfield>
  </datafield>
  <datafield tag="952" ind1=" " ind2=" ">
    <subfield code="0">0</subfield>
    <subfield code="1">0</subfield>
    <subfield code="2">ddc</subfield>
    <subfield code="4">0</subfield>
    <subfield code="6">AGR_CHE_2001_000000000000000_B027_OR_8</subfield>
    <subfield code="7">0</subfield>
    <subfield code="9">14961</subfield>
    <subfield code="a">LBB</subfield>
    <subfield code="b">LBB</subfield>
    <subfield code="d">2015-11-05</subfield>
    <subfield code="o">AGR CHE 2001 B027 Or.8</subfield>
    <subfield code="p">RUA036995</subfield>
    <subfield code="r">2015-11-05</subfield>
    <subfield code="w">2015-11-05</subfield>
    <subfield code="y">AGR</subfield>
  </datafield>
</record>
